[Event "Russian Championship (Rapid, Men)"]
[Site "Sochi"]
[Date "2018.10.06"]
[Round "8.23"]
[White "Ofitserian, Boris"]
[Black "Demidov, Mikhail"]
[Result "0-1"]
[BlackElo "2595"]
[WhiteElo "2388"]
[LiveChessVersion "1.4.8"]

1. c4 {[%clk 0:15:18]} e5 {[%clk 0:15:19]} 2. d3 {[%clk 0:15:27]} Bb4+
{[%clk 0:15:21]} 3. Nd2 {[%clk 0:15:34]} Nf6 {[%clk 0:15:15]} 4. a3
{[%clk 0:15:39]} Be7 {[%clk 0:14:56]} 5. Ngf3 {[%clk 0:15:45]} d6
{[%clk 0:15:05]} 6. b4 {[%clk 0:15:31]} O-O {[%clk 0:15:12]} 7. Bb2
{[%clk 0:15:34]} Re8 {[%clk 0:15:21]} 8. e3 {[%clk 0:15:31]} Nbd7
{[%clk 0:15:23]} 9. Be2 {[%clk 0:15:34]} b6 {[%clk 0:15:16]} 10. O-O
{[%clk 0:15:34]} Bb7 {[%clk 0:15:24]} 11. Qc2 {[%clk 0:15:35]} Bf8
{[%clk 0:15:30]} 12. Rfd1 {[%clk 0:15:19]} c5 {[%clk 0:15:34]} 13. Ne4
{[%clk 0:14:11]} Nxe4 {[%clk 0:13:58]} 14. dxe4 {[%clk 0:14:19]} cxb4
{[%clk 0:14:06]} 15. axb4 {[%clk 0:14:24]} a5 {[%clk 0:14:15]} 16. Bc3
{[%clk 0:12:50]} Qc7 {[%clk 0:13:39]} 17. Nd2 {[%clk 0:11:24]} axb4
{[%clk 0:10:30]} 18. Bxb4 {[%clk 0:11:32]} Nc5 {[%clk 0:10:39]} 19. Bxc5
{[%clk 0:08:38]} Qxc5 {[%clk 0:10:35]} 20. Rab1 {[%clk 0:07:40]} Reb8
{[%clk 0:10:00]} 21. Rb5 {[%clk 0:07:28]} Qc7 {[%clk 0:09:44]} 22. Rdb1
{[%clk 0:07:37]} Bc6 {[%clk 0:09:30]} 23. R5b2 {[%clk 0:07:43]} g6
{[%clk 0:08:45]} 24. h3 {[%clk 0:07:32]} Be7 {[%clk 0:08:27]} 25. Qc3
{[%clk 0:06:40]} Bd7 {[%clk 0:07:15]} 26. Bg4 {[%clk 0:05:58]} Be8
{[%clk 0:07:19]} 27. Qd3 {[%clk 0:05:50]} Ra5 {[%clk 0:06:45]} 28. Bd1
{[%clk 0:05:05]} Qa7 {[%clk 0:06:42]} 29. Rb3 {[%clk 0:03:48]} h5
{[%clk 0:06:26]} 30. Be2 {[%clk 0:03:36]} Ba4 {[%clk 0:06:05]} 31. R3b2
{[%clk 0:03:42]} Bd7 {[%clk 0:06:13]} 32. Qc3 {[%clk 0:03:44]} Be6
{[%clk 0:05:46]} 33. Rb3 {[%clk 0:03:42]} Bd8 {[%clk 0:05:41]} 34. Kh2
{[%clk 0:03:23]} Rc8 {[%clk 0:05:29]} 35. Qb4 {[%clk 0:03:23]} Qe7
{[%clk 0:04:52]} 36. R3b2 {[%clk 0:03:08]} Rca8 {[%clk 0:04:46]} 37. Bd1
{[%clk 0:03:07]} Kg7 {[%clk 0:04:22]} 38. Bb3 {[%clk 0:03:09]} Qc7
{[%clk 0:04:13]} 39. Bd1 {[%clk 0:02:14]} Qe7 {[%clk 0:03:59]} 40. Be2
{[%clk 0:02:17]} Ra4 {[%clk 0:03:45]} 41. Qc3 {[%clk 0:02:24]} Kg8
{[%clk 0:03:12]} 42. Bd3 {[%clk 0:02:00]} Qa7 {[%clk 0:03:09]} 43. Bc2
{[%clk 0:01:26]} Ra3 {[%clk 0:03:05]} 44. Qb4 {[%clk 0:01:29]} Qd7
{[%clk 0:02:53]} 45. Bb3 {[%clk 0:01:31]} g5 {[%clk 0:02:43]} 46. Rd1
{[%clk 0:01:28]} Ra1 {[%clk 0:01:40]} 47. Nb1 {[%clk 0:01:35]} Bc7
{[%clk 0:01:41]} 48. Rbd2 {[%clk 0:01:45]} Qc6 {[%clk 0:01:29]} 49. Nc3
{[%clk 0:01:49]} Rxd1 {[%clk 0:01:02]} 50. Rxd1 {[%clk 0:01:58]} Qc5
{[%clk 0:01:12]} 51. Qxc5 {[%clk 0:01:55]} dxc5 {[%clk 0:01:10]} 52. Nb5
{[%clk 0:01:47]} Bd8 {[%clk 0:01:20]} 53. f3 {[%clk 0:01:16]} Kf8
{[%clk 0:00:57]} 54. Kg3 {[%clk 0:01:25]} Ke7 {[%clk 0:00:45]} 55. f4
{[%clk 0:01:27]} exf4+ {[%clk 0:00:33]} 56. exf4 {[%clk 0:01:36]} h4+
{[%clk 0:00:31]} 57. Kf3 {[%clk 0:01:45]} gxf4 {[%clk 0:00:39]} 58. Kxf4
{[%clk 0:01:37]} Ra5 {[%clk 0:00:46]} 59. Rb1 {[%clk 0:00:44]} Kf6
{[%clk 0:00:47]} 60. e5+ {[%clk 0:00:46]} Kg6 {[%clk 0:00:49]} 61. Bc2+
{[%clk 0:00:41]} Kh6 62. Nd6 Ra2 {[%clk 0:00:21]} 63. Be4 {[%clk 0:01:00]} Ra3
{[%clk 0:00:16]} 64. Nf5+ {[%clk 0:00:42]} Kh5 {[%clk 0:00:12]} 65. Ng7+
{[%clk 0:00:31]} Kh6 {[%clk 0:00:21]} 66. Nxe6 fxe6 {[%clk 0:00:30]} 67. Bf3
{[%clk 0:00:32]} Rc3 {[%clk 0:00:39]} 68. Rd1 {[%clk 0:00:14]} Bg5+
{[%clk 0:00:42]} 0-1

[Event "Russian Championship (Rapid, Men)"]
[Site "Sochi"]
[Date "2018.10.06"]
[Round "8.24"]
[White "Kryakvin, Dmitry"]
[Black "Hasangatin, Ramil"]
[Result "1-0"]
[BlackElo "2451"]
[WhiteElo "2559"]
[LiveChessVersion "1.4.8"]

1. d4 {[%clk 0:15:18]} d6 {[%clk 0:15:15]} 2. Nf3 {[%clk 0:15:19]} Nf6
{[%clk 0:15:22]} 3. g3 {[%clk 0:15:23]} g6 {[%clk 0:15:08]} 4. Bg2
{[%clk 0:15:31]} Bg7 {[%clk 0:15:17]} 5. O-O {[%clk 0:15:38]} O-O
{[%clk 0:15:23]} 6. b3 {[%clk 0:15:46]} c6 {[%clk 0:15:07]} 7. Bb2
{[%clk 0:15:49]} Bf5 {[%clk 0:15:12]} 8. c4 {[%clk 0:15:47]} Qc8 {[%clk 0:14:25]}
9. Re1 {[%clk 0:15:43]} Re8 {[%clk 0:14:15]} 10. Nbd2 {[%clk 0:15:32]} Bh3
{[%clk 0:12:29]} 11. Bh1 {[%clk 0:15:08]} Qg4 {[%clk 0:12:32]} 12. e4
{[%clk 0:14:57]} e5 {[%clk 0:12:28]} 13. c5 {[%clk 0:14:09]} exd4
{[%clk 0:11:07]} 14. cxd6 {[%clk 0:14:02]} Nxe4 {[%clk 0:07:25]} 15. Nxe4
{[%clk 0:09:15]} Rxe4 {[%clk 0:07:33]} 16. Rxe4 {[%clk 0:09:09]} Qxe4
{[%clk 0:07:42]} 17. Qd2 {[%clk 0:09:15]} Bd7 {[%clk 0:05:21]} 18. Bxd4
{[%clk 0:08:20]} Bxd4 {[%clk 0:05:08]} 19. Nxd4 {[%clk 0:07:56]} Qe5
{[%clk 0:05:09]} 20. Nc2 {[%clk 0:08:02]} Na6 {[%clk 0:04:10]} 21. Re1
{[%clk 0:07:26]} Qf6 {[%clk 0:04:12]} 22. Re7 {[%clk 0:06:41]} Rd8
{[%clk 0:04:21]} 23. Qa5 {[%clk 0:06:48]} b6 {[%clk 0:00:33]} 24. Qxa6
{[%clk 0:06:29]} Qxd6 {[%clk 0:00:33]} 25. Re1 {[%clk 0:06:17]} Qd2
{[%clk 0:00:23]} 26. Qe2 {[%clk 0:06:18]} Qxe2 {[%clk 0:00:22]} 27. Rxe2
{[%clk 0:06:27]} Bg4 {[%clk 0:00:31]} 28. f3 {[%clk 0:06:09]} Rd1+
{[%clk 0:00:40]} 29. Re1 {[%clk 0:04:49]} Rd2 {[%clk 0:00:49]} 30. fxg4
{[%clk 0:04:56]} Rxc2 {[%clk 0:00:58]} 31. a4 {[%clk 0:05:04]} a5
{[%clk 0:00:47]} 32. Re8+ {[%clk 0:04:47]} Kg7 {[%clk 0:00:56]} 33. Rb8
{[%clk 0:04:55]} Rc1+ {[%clk 0:01:05]} 34. Kg2 {[%clk 0:05:04]} c5
{[%clk 0:00:26]} 35. Rxb6 {[%clk 0:05:01]} c4 {[%clk 0:00:35]} 36. bxc4
{[%clk 0:04:41]} Rxc4 {[%clk 0:00:44]} 37. Kh3 {[%clk 0:04:50]} Rxa4
{[%clk 0:00:44]} 38. Ra6 {[%clk 0:04:40]} f5 {[%clk 0:00:40]} 39. g5
{[%clk 0:04:29]} Rg4 {[%clk 0:00:29]} 40. Ra7+ {[%clk 0:03:58]} Kh8
{[%clk 0:00:37]} 41. Rxa5 {[%clk 0:03:48]} Rxg5 {[%clk 0:00:45]} 42. Bf3
{[%clk 0:03:51]} h6 {[%clk 0:00:44]} 43. Kg2 {[%clk 0:02:55]} f4 {[%clk 0:00:50]}
44. Rxg5 {[%clk 0:03:04]} hxg5 {[%clk 0:00:59]} 45. g4 {[%clk 0:03:13]} Kg7
{[%clk 0:00:50]} 46. Be4 {[%clk 0:03:22]} Kf6 {[%clk 0:00:50]} 47. Kf3
{[%clk 0:03:31]} Kg7 {[%clk 0:00:56]} 48. h4 {[%clk 0:03:25]} Kf6
{[%clk 0:00:17]} 49. hxg5+ {[%clk 0:03:32]} Kxg5 {[%clk 0:00:23]} 50. Bd3
{[%clk 0:03:39]} 1-0

[Event "Russian Championship (Rapid, Men)"]
[Site "Sochi"]
[Date "2018.10.06"]
[Round "8.27"]
[White "Gordievsky, Dmitry"]
[Black "Truskavetsky, Alexandr"]
[Result "0-1"]
[BlackElo "2366"]
[WhiteElo "2498"]
[LiveChessVersion "1.4.8"]

1. Nf3 {[%clk 0:15:16]} Nf6 {[%clk 0:14:59]} 2. c4 {[%clk 0:15:25]} c5
{[%clk 0:15:06]} 3. Nc3 {[%clk 0:15:33]} Nc6 {[%clk 0:15:11]} 4. d4
{[%clk 0:15:36]} cxd4 {[%clk 0:15:14]} 5. Nxd4 {[%clk 0:15:42]} g6
{[%clk 0:15:11]} 6. e4 {[%clk 0:15:51]} d6 {[%clk 0:13:17]} 7. f3
{[%clk 0:15:50]} Bg7 {[%clk 0:13:18]} 8. Be3 {[%clk 0:15:55]} O-O
{[%clk 0:13:16]} 9. Qd2 {[%clk 0:14:13]} Bd7 {[%clk 0:12:22]} 10. Be2
{[%clk 0:14:11]} Rc8 {[%clk 0:10:42]} 11. Rc1 {[%clk 0:14:08]} Re8
{[%clk 0:10:44]} 12. O-O {[%clk 0:14:03]} Ne5 {[%clk 0:08:52]} 13. b3
{[%clk 0:14:09]} h5 {[%clk 0:09:00]} 14. h3 {[%clk 0:13:29]} a6 {[%clk 0:08:38]}
15. f4 {[%clk 0:11:30]} Nc6 {[%clk 0:08:41]} 16. Nf3 {[%clk 0:11:34]} Qa5
{[%clk 0:08:18]} 17. Bd3 {[%clk 0:11:18]} b5 {[%clk 0:06:38]} 18. e5
{[%clk 0:11:01]} dxe5 {[%clk 0:05:07]} 19. fxe5 {[%clk 0:07:13]} b4
{[%clk 0:05:11]} 20. Nb5 {[%clk 0:04:16]} axb5 {[%clk 0:04:03]} 21. exf6
{[%clk 0:04:22]} exf6 {[%clk 0:02:48]} 22. cxb5 {[%clk 0:04:09]} Ne7
{[%clk 0:01:51]} 23. b6 {[%clk 0:02:54]} Nd5 {[%clk 0:01:49]} 24. Bc4
{[%clk 0:02:19]} Nxb6 {[%clk 0:01:47]} 25. Bh6 {[%clk 0:00:52]} Nxc4
{[%clk 0:01:39]} 26. bxc4 {[%clk 0:00:44]} Be6 {[%clk 0:01:12]} 27. Bxg7
{[%clk 0:00:36]} Kxg7 {[%clk 0:01:21]} 28. Rfe1 {[%clk 0:00:44]} Red8
{[%clk 0:01:15]} 29. Qf4 {[%clk 0:00:30]} Qxa2 {[%clk 0:01:06]} 30. Rf1
{[%clk 0:00:23]} Rxc4 {[%clk 0:01:02]} 31. Rxc4 {[%clk 0:00:12]} Qxc4
{[%clk 0:01:10]} 32. Qe3 {[%clk 0:00:15]} b3 {[%clk 0:01:12]} 33. Rb1
{[%clk 0:00:16]} Qc2 {[%clk 0:01:02]} 34. Qe1 {[%clk 0:00:12]} b2
{[%clk 0:01:03]} 35. Kh2 {[%clk 0:00:20]} Bf5 {[%clk 0:00:59]} 36. Qe7
{[%clk 0:00:25]} Rd7 {[%clk 0:01:04]} 0-1

[Event "Russian Championship (Rapid, Men)"]
[Site "Sochi"]
[Date "2018.10.06"]
[Round "8.30"]
[White "Krylov, Mikhail"]
[Black "Sadovsky, Artem"]
[Result "1/2-1/2"]
[BlackElo "2333"]
[WhiteElo "2481"]
[LiveChessVersion "1.4.8"]

1. d4 {[%clk 0:15:19]} g6 {[%clk 0:15:17]} 2. e4 {[%clk 0:15:25]} Bg7
{[%clk 0:15:25]} 3. Nf3 {[%clk 0:15:30]} d6 {[%clk 0:15:31]} 4. Bc4
{[%clk 0:15:36]} Nf6 {[%clk 0:15:10]} 5. Qe2 {[%clk 0:15:41]} O-O
{[%clk 0:15:15]} 6. e5 {[%clk 0:15:45]} dxe5 {[%clk 0:15:19]} 7. dxe5
{[%clk 0:15:53]} Nd5 {[%clk 0:15:27]} 8. h3 {[%clk 0:15:44]} c6 {[%clk 0:15:05]}
9. O-O {[%clk 0:15:43]} Nd7 {[%clk 0:14:13]} 10. Rd1 {[%clk 0:15:09]} N7b6
{[%clk 0:13:15]} 11. Bb3 {[%clk 0:15:14]} Qc7 {[%clk 0:13:16]} 12. c4
{[%clk 0:13:22]} Nb4 {[%clk 0:13:23]} 13. Nc3 {[%clk 0:13:18]} a5
{[%clk 0:13:14]} 14. c5 {[%clk 0:10:56]} Nd7 {[%clk 0:11:31]} 15. Bxf7+
{[%clk 0:09:53]} Rxf7 {[%clk 0:08:41]} 16. e6 {[%clk 0:10:01]} Rf5
{[%clk 0:07:07]} 17. exd7 {[%clk 0:09:52]} Bxd7 {[%clk 0:07:15]} 18. Qxe7
{[%clk 0:09:25]} Nd5 {[%clk 0:06:14]} 19. Nxd5 {[%clk 0:08:36]} cxd5
{[%clk 0:06:22]} 20. Be3 {[%clk 0:06:20]} Re8 {[%clk 0:05:47]} 21. Qd6
{[%clk 0:05:37]} Qxd6 {[%clk 0:05:47]} 22. cxd6 {[%clk 0:05:46]} Bxb2
{[%clk 0:04:18]} 23. Rab1 {[%clk 0:05:54]} Ba4 {[%clk 0:04:19]} 24. Rd3
{[%clk 0:01:39]} Bc2 {[%clk 0:03:29]} 25. Rxb2 {[%clk 0:01:49]} Bxd3
{[%clk 0:03:37]} 26. Rxb7 {[%clk 0:01:57]} Rd8 {[%clk 0:03:00]} 27. d7
{[%clk 0:01:40]} Ba6 {[%clk 0:03:03]} 28. Ra7 {[%clk 0:01:17]} Bb5
{[%clk 0:03:08]} 29. Nd4 {[%clk 0:01:22]} Bxd7 {[%clk 0:02:02]} 30. Nxf5
{[%clk 0:01:27]} Bxf5 {[%clk 0:01:20]} 31. Bd4 {[%clk 0:01:36]} Rd7
{[%clk 0:01:11]} 32. Rxa5 {[%clk 0:01:44]} Rc7 {[%clk 0:01:09]} 33. Rxd5
{[%clk 0:01:35]} Rd7 {[%clk 0:00:51]} 34. Rxd7 {[%clk 0:01:37]} Bxd7
{[%clk 0:00:59]} 35. f3 {[%clk 0:01:40]} Kf7 {[%clk 0:01:08]} 36. Kf2
{[%clk 0:01:46]} Ke6 {[%clk 0:01:17]} 37. Ke3 {[%clk 0:01:52]} Kd5
{[%clk 0:01:26]} 38. a3 {[%clk 0:01:56]} Bb5 {[%clk 0:01:28]} 39. h4
{[%clk 0:01:56]} h5 {[%clk 0:01:30]} 40. Bg7 {[%clk 0:01:56]} Bf1
{[%clk 0:01:32]} 41. g4 {[%clk 0:01:41]} hxg4 {[%clk 0:01:37]} 42. fxg4
{[%clk 0:01:50]} Kc4 {[%clk 0:01:37]} 43. Kf4 {[%clk 0:01:56]} Bd3
{[%clk 0:01:42]} 44. Kg5 {[%clk 0:02:02]} Kb5 {[%clk 0:01:48]} 45. h5
{[%clk 0:02:06]} gxh5 {[%clk 0:01:56]} 46. Kxh5 {[%clk 0:02:15]} Ka6
{[%clk 0:02:06]} 47. g5 {[%clk 0:01:10]} Kb7 {[%clk 0:02:14]} 48. Bf8
{[%clk 0:01:17]} Ka8 {[%clk 0:02:23]} 49. g6 {[%clk 0:01:02]} Bxg6+
{[%clk 0:02:18]} 1/2-1/2

[Event "Russian Championship (Rapid, Men)"]
[Site "Sochi"]
[Date "2018.10.06"]
[Round "8.32"]
[White "Yuffa, Daniil"]
[Black "Dilmukhametov, Artur"]
[Result "1-0"]
[BlackElo "2332"]
[WhiteElo "2625"]
[LiveChessVersion "1.4.8"]

1. e4 {[%clk 0:10:49]} e6 {[%clk 0:15:17]} 2. d4 {[%clk 0:10:54]} d5
{[%clk 0:15:24]} 3. Nc3 {[%clk 0:11:04]} Bb4 {[%clk 0:15:27]} 4. e5
{[%clk 0:11:10]} c5 {[%clk 0:15:33]} 5. a3 {[%clk 0:11:16]} Bxc3+
{[%clk 0:15:38]} 6. bxc3 {[%clk 0:11:25]} Qa5 {[%clk 0:15:15]} 7. Bd2
{[%clk 0:11:10]} Qa4 {[%clk 0:15:11]} 8. h4 {[%clk 0:10:22]} Ne7 {[%clk 0:14:12]}
9. Qg4 {[%clk 0:09:40]} Qxc2 {[%clk 0:09:10]} 10. Nf3 {[%clk 0:09:12]} Nf5
{[%clk 0:07:46]} 11. Rc1 {[%clk 0:07:52]} h5 {[%clk 0:07:03]} 12. Qh3
{[%clk 0:05:50]} Qa4 {[%clk 0:06:16]} 13. Bd3 {[%clk 0:05:13]} Nc6
{[%clk 0:05:40]} 14. O-O {[%clk 0:04:49]} g6 {[%clk 0:03:48]} 15. Bg5
{[%clk 0:04:00]} Nce7 {[%clk 0:02:17]} 16. Bf6 {[%clk 0:03:43]} Rg8
{[%clk 0:02:25]} 17. Ng5 {[%clk 0:03:48]} Bd7 {[%clk 0:02:15]} 18. c4
{[%clk 0:03:02]} Nxd4 {[%clk 0:01:33]} 19. Qe3 {[%clk 0:03:08]} Nef5
{[%clk 0:01:17]} 20. Qe1 {[%clk 0:01:35]} Qc6 {[%clk 0:00:17]} 21. f3
{[%clk 0:01:14]} b5 {[%clk 0:00:16]} 22. cxd5 {[%clk 0:00:51]} exd5
{[%clk 0:00:22]} 23. Qf2 {[%clk 0:00:41]} c4 {[%clk 0:00:14]} 24. Bb1
{[%clk 0:00:28]} Qb6 {[%clk 0:00:17]} 25. Rcd1 {[%clk 0:00:28]} Ne6
{[%clk 0:00:14]} 26. Rxd5 {[%clk 0:00:25]} Nxg5 {[%clk 0:00:12]} 27. hxg5
{[%clk 0:00:31]} Be6 {[%clk 0:00:13]} 28. Rc5 {[%clk 0:00:29]} Rc8
{[%clk 0:00:12]} 29. Rxc8+ {[%clk 0:00:33]} Bxc8 {[%clk 0:00:21]} 30. Rd1
{[%clk 0:00:32]} Ne7 {[%clk 0:00:29]} 31. Qxb6 {[%clk 0:00:28]} axb6
{[%clk 0:00:38]} 32. Rd6 {[%clk 0:00:36]} c3 {[%clk 0:00:12]} 33. Rxb6
{[%clk 0:00:24]} Be6 {[%clk 0:00:13]} 34. Rxb5 {[%clk 0:00:12]} Nc8
{[%clk 0:00:18]} 35. Rc5 {[%clk 0:00:20]} Kd7 {[%clk 0:00:18]} 36. Rxc3
{[%clk 0:00:27]} Nb6 {[%clk 0:00:24]} 37. Bd3 {[%clk 0:00:33]} Bd5
{[%clk 0:00:13]} 38. Bb5+ {[%clk 0:00:31]} Ke6 {[%clk 0:00:21]} 39. Rc7
{[%clk 0:00:36]} Bb3 {[%clk 0:00:16]} 40. Rc6+ {[%clk 0:00:38]} 1-0

[Event "Russian Championship (Rapid, Men)"]
[Site "Sochi"]
[Date "2018.10.06"]
[Round "8.33"]
[White "Kozionov, Kirill"]
[Black "Jary, Sergey"]
[Result "0-1"]
[BlackElo "2353"]
[WhiteElo "2475"]
[LiveChessVersion "1.4.8"]

1. d4 {[%clk 0:15:19]} Nf6 {[%clk 0:15:19]} 2. c4 e6 3. Nc3 {[%clk 0:15:34]} Bb4
{[%clk 0:15:37]} 4. Bg5 {[%clk 0:15:42]} d5 {[%clk 0:15:45]} 5. e3
{[%clk 0:15:06]} O-O {[%clk 0:15:35]} 6. a3 {[%clk 0:15:09]} Be7 {[%clk 0:15:39]}
7. Nf3 {[%clk 0:15:02]} c5 {[%clk 0:15:01]} 8. dxc5 {[%clk 0:14:51]} dxc4
{[%clk 0:15:10]} 9. Bxc4 {[%clk 0:13:53]} Bxc5 {[%clk 0:15:18]} 10. O-O
{[%clk 0:13:22]} Nc6 {[%clk 0:15:05]} 11. Qe2 {[%clk 0:12:58]} Be7
{[%clk 0:14:30]} 12. Rfd1 {[%clk 0:12:57]} Qb6 {[%clk 0:14:33]} 13. b4
{[%clk 0:12:15]} a6 {[%clk 0:14:34]} 14. h3 {[%clk 0:09:27]} Rd8 {[%clk 0:14:09]}
15. e4 {[%clk 0:09:01]} h6 {[%clk 0:13:51]} 16. Bf4 {[%clk 0:07:52]} Nh5
{[%clk 0:11:40]} 17. Bh2 {[%clk 0:07:14]} Rd7 {[%clk 0:11:22]} 18. e5
{[%clk 0:06:02]} g6 {[%clk 0:10:36]} 19. Ne4 {[%clk 0:05:36]} Qd8
{[%clk 0:10:14]} 20. Rxd7 {[%clk 0:04:03]} Bxd7 {[%clk 0:10:12]} 21. Rd1
{[%clk 0:03:49]} b5 {[%clk 0:10:06]} 22. Bd3 {[%clk 0:03:29]} Qf8
{[%clk 0:08:45]} 23. g4 {[%clk 0:03:17]} Ng7 {[%clk 0:08:48]} 24. Nf6+
{[%clk 0:01:29]} Bxf6 {[%clk 0:08:48]} 25. exf6 {[%clk 0:01:38]} Ne8
{[%clk 0:08:56]} 26. Be4 {[%clk 0:01:38]} Ra7 {[%clk 0:08:16]} 27. Rxd7
{[%clk 0:01:21]} Rxd7 {[%clk 0:08:24]} 28. Bxc6 {[%clk 0:01:30]} Rd8
{[%clk 0:08:31]} 29. Bxe8 {[%clk 0:01:01]} Qxe8 {[%clk 0:08:20]} 30. Ne5
{[%clk 0:01:00]} Rd5 {[%clk 0:08:08]} 31. Qe3 {[%clk 0:00:48]} Qd8
{[%clk 0:08:04]} 32. Qf3 {[%clk 0:00:16]} Rd1+ {[%clk 0:07:49]} 33. Kg2
{[%clk 0:00:25]} Qd5 {[%clk 0:07:58]} 34. h4 {[%clk 0:00:12]} Ra1
{[%clk 0:07:49]} 35. Nc6 {[%clk 0:00:11]} Qxf3+ {[%clk 0:07:53]} 36. Kxf3
{[%clk 0:00:20]} Rxa3+ {[%clk 0:08:03]} 37. Ke4 {[%clk 0:00:18]} Rc3
{[%clk 0:07:47]} 38. Na5 {[%clk 0:00:15]} g5 {[%clk 0:07:39]} 39. h5
{[%clk 0:00:19]} Rc1 {[%clk 0:07:38]} 40. Bd6 {[%clk 0:00:16]} Re1+
{[%clk 0:07:40]} 41. Kf3 {[%clk 0:00:16]} e5 {[%clk 0:07:35]} 42. Bc5
{[%clk 0:00:11]} e4+ {[%clk 0:07:44]} 43. Kg3 {[%clk 0:00:12]} Rg1+
{[%clk 0:07:48]} 44. Kh3 {[%clk 0:00:21]} Rc1 {[%clk 0:07:50]} 45. Nc6
{[%clk 0:00:17]} Rc3+ {[%clk 0:07:40]} 46. Kg2 {[%clk 0:00:23]} Kh7
{[%clk 0:07:33]} 47. Ne5 {[%clk 0:00:19]} Kg8 {[%clk 0:07:29]} 48. Nc6
{[%clk 0:00:25]} Kh7 {[%clk 0:07:34]} 49. Ne5 {[%clk 0:00:12]} Kg8
{[%clk 0:07:39]} 50. Be7 {[%clk 0:00:11]} Ra3 {[%clk 0:07:05]} 51. Kf1
{[%clk 0:00:14]} a5 {[%clk 0:07:09]} 52. bxa5 {[%clk 0:00:21]} Rxa5
{[%clk 0:07:17]} 53. Nc6 {[%clk 0:00:20]} Ra2 {[%clk 0:07:13]} 54. Nd4
{[%clk 0:00:20]} Rb2 {[%clk 0:07:07]} 55. Nc6 {[%clk 0:00:14]} Rc2
{[%clk 0:06:36]} 56. Nb4 {[%clk 0:00:13]} Rd2 {[%clk 0:05:56]} 57. Ke1
{[%clk 0:00:17]} Rb2 {[%clk 0:05:58]} 58. Bc5 {[%clk 0:00:17]} Rb1+
{[%clk 0:05:48]} 59. Ke2 {[%clk 0:00:25]} Rg1 {[%clk 0:05:55]} 60. f3
{[%clk 0:00:29]} Rc1 {[%clk 0:05:44]} 61. Be3 {[%clk 0:00:17]} Rc4
{[%clk 0:05:50]} 62. Bd2 {[%clk 0:00:18]} exf3+ {[%clk 0:05:54]} 63. Kxf3
{[%clk 0:00:27]} Kf8 {[%clk 0:05:58]} 64. Be1 {[%clk 0:00:11]} Ke8
{[%clk 0:05:57]} 65. Nd3 {[%clk 0:00:19]} Rc2 {[%clk 0:05:52]} 66. Bb4
{[%clk 0:00:17]} Rc4 {[%clk 0:05:55]} 67. Be7 {[%clk 0:00:15]} Rd4
{[%clk 0:05:51]} 68. Nf2 {[%clk 0:00:12]} Rf4+ {[%clk 0:04:59]} 69. Ke3
{[%clk 0:00:12]} b4 {[%clk 0:04:59]} 70. Nd3 {[%clk 0:00:12]} b3 {[%clk 0:04:33]}
71. Kd2 {[%clk 0:00:12]} Rxg4 {[%clk 0:04:38]} 72. Kc3 {[%clk 0:00:14]} Rg3
{[%clk 0:04:40]} 73. Kc4 {[%clk 0:00:23]} Rh3 {[%clk 0:04:29]} 74. Ba3
{[%clk 0:00:24]} Rxh5 {[%clk 0:04:30]} 75. Ne5 {[%clk 0:00:27]} g4
{[%clk 0:04:20]} 76. Bb2 {[%clk 0:00:17]} g3 {[%clk 0:04:24]} 77. Nf3
{[%clk 0:00:24]} Rf5 {[%clk 0:04:26]} 78. Ng1 {[%clk 0:00:16]} Rf1
{[%clk 0:04:29]} 79. Ne2 {[%clk 0:00:21]} g2 {[%clk 0:04:37]} 80. Bd4
{[%clk 0:00:22]} b2 {[%clk 0:04:44]} 0-1

[Event "Russian Championship (Rapid, Men)"]
[Site "Sochi"]
[Date "2018.10.06"]
[Round "8.35"]
[White "Mikhailovsky, Vladimir"]
[Black "Gochelashvili, David"]
[Result "1-0"]
[BlackElo "2450"]
[WhiteElo "2331"]
[LiveChessVersion "1.4.8"]

1. g3 {[%clk 0:15:11]} g6 {[%clk 0:15:19]} 2. Bg2 {[%clk 0:15:19]} Bg7
{[%clk 0:15:28]} 3. f4 {[%clk 0:15:23]} d5 {[%clk 0:15:25]} 4. Nf3
{[%clk 0:15:30]} Nf6 {[%clk 0:15:30]} 5. O-O {[%clk 0:15:37]} O-O
{[%clk 0:15:37]} 6. d3 {[%clk 0:15:33]} c5 {[%clk 0:15:31]} 7. Ne5
{[%clk 0:14:55]} Nc6 {[%clk 0:14:50]} 8. Nxc6 {[%clk 0:14:30]} bxc6
{[%clk 0:14:59]} 9. e4 {[%clk 0:14:32]} dxe4 {[%clk 0:08:53]} 10. dxe4
{[%clk 0:14:38]} Ba6 {[%clk 0:09:02]} 11. Re1 {[%clk 0:14:18]} e5
{[%clk 0:07:30]} 12. Qf3 {[%clk 0:13:39]} exf4 {[%clk 0:06:25]} 13. gxf4
{[%clk 0:13:37]} Nh5 {[%clk 0:06:20]} 14. e5 {[%clk 0:12:38]} Rb8
{[%clk 0:05:44]} 15. Nc3 {[%clk 0:12:15]} Qh4 {[%clk 0:03:58]} 16. Qf2
{[%clk 0:11:45]} Qxf2+ {[%clk 0:03:45]} 17. Kxf2 {[%clk 0:11:53]} Bh6
{[%clk 0:03:54]} 18. Kf3 {[%clk 0:11:04]} f6 {[%clk 0:03:16]} 19. e6
{[%clk 0:10:44]} Rfe8 {[%clk 0:03:25]} 20. Na4 {[%clk 0:09:46]} Bf8
{[%clk 0:02:51]} 21. b3 {[%clk 0:08:00]} Ng7 {[%clk 0:02:34]} 22. Kf2
{[%clk 0:06:09]} Rxe6 {[%clk 0:01:16]} 23. Rxe6 {[%clk 0:06:03]} Nxe6
{[%clk 0:01:24]} 24. Bxc6 {[%clk 0:06:06]} Nd4 {[%clk 0:00:28]} 25. Bd5+
{[%clk 0:06:10]} Kg7 {[%clk 0:00:37]} 26. c3 {[%clk 0:05:59]} Nc2
{[%clk 0:00:44]} 27. Rb1 {[%clk 0:05:59]} Bd3 {[%clk 0:00:52]} 28. Rb2
{[%clk 0:05:41]} Re8 {[%clk 0:00:22]} 29. Bf3 {[%clk 0:05:30]} Bd6
{[%clk 0:00:17]} 30. Bd1 {[%clk 0:04:57]} Na3 {[%clk 0:00:13]} 31. c4
{[%clk 0:04:33]} Nb1 {[%clk 0:00:12]} 32. Be3 {[%clk 0:04:03]} g5
{[%clk 0:00:19]} 33. Bh5 {[%clk 0:03:16]} Rd8 {[%clk 0:00:20]} 34. Nxc5
{[%clk 0:02:33]} Bxc5 {[%clk 0:00:25]} 35. Bxc5 {[%clk 0:02:40]} Nc3
{[%clk 0:00:33]} 36. Bxa7 {[%clk 0:02:37]} gxf4 {[%clk 0:00:23]} 37. Bf3
{[%clk 0:02:21]} f5 {[%clk 0:00:20]} 38. Bb6 {[%clk 0:02:07]} Rd7
{[%clk 0:00:28]} 39. c5 {[%clk 0:01:51]} Ne4+ {[%clk 0:00:33]} 40. Kg1
{[%clk 0:01:47]} Kf6 {[%clk 0:00:39]} 41. b4 {[%clk 0:01:09]} Bb5
{[%clk 0:00:41]} 42. a4 {[%clk 0:00:43]} Bxa4 {[%clk 0:00:44]} 43. b5
{[%clk 0:00:52]} Rd3 {[%clk 0:00:27]} 44. Be2 {[%clk 0:00:44]} Rc3
{[%clk 0:00:26]} 45. c6 {[%clk 0:00:52]} Ke6 {[%clk 0:00:23]} 46. Bd4
{[%clk 0:00:36]} Rc1+ {[%clk 0:00:29]} 47. Kg2 {[%clk 0:00:44]} Kd6
{[%clk 0:00:37]} 48. Rb4 {[%clk 0:00:34]} Bd1 {[%clk 0:00:13]} 49. Bxd1
{[%clk 0:00:19]} Rxd1 {[%clk 0:00:22]} 50. b6 {[%clk 0:00:23]} Rd2+
{[%clk 0:00:30]} 51. Kf3 {[%clk 0:00:27]} Ng5+ {[%clk 0:00:39]} 52. Kxf4
{[%clk 0:00:29]} Ne6+ {[%clk 0:00:31]} 53. Ke3 {[%clk 0:00:38]} Rxd4
{[%clk 0:00:33]} 54. Rxd4+ {[%clk 0:00:33]} Nxd4 {[%clk 0:00:42]} 55. c7
{[%clk 0:00:37]} 1-0